Statistiques concernant Personnages les plus connus H.P 2/4

Cliquez ici pour prendre le quiz!

Statistiques générales

  • Ce quiz a été pris 55 fois
    (45 depuis la dernière actualisation)
  • Le résultat moyen est 10 sur 13

Statistiques - réponses

Indice :Personnage :% Correct
Professeur de soins aux créatures magiques, demi-géant, il habite dans une cabane avec son chienRubeus Hagrid
100%
Elfe de maison libéré par Harry, il sera fidèle â lui toute sa vieDobby
95%
Le grand ennemi d'harry, il s'appelait Tom et il a la peau bleue(Lord) Voldemort
95%
Participante à la coupe de feu, jeune fille modèleFleur Delacour
89%
Animagus ami avec Sirius, il fait parti de l'ordre du phénix et on le rencontre souventRemus John Lupin "Lupin"
86%
Grand ami d'Harry, il tue nagini (le serpent de Voldemort)Neville Londubat
82%
Père de la famille weaslay, il est chargé "d'étudier" les humainsArthur Weaslay
80%
Amie étrange d'Harry, son père est rédacteur en chef/éditeur du ChicaneurLuna Lovegood
80%
Père de Drago, il est du coté de VoldemortLucius Malefoy
77%
Professeure sadique, la porte de son bureau est doté d'un oeuilDolores Ombrage
68%
Ancien minitre de la magie, c'est lui qui nomme ombrage professeure de Défense contre les Forces du MalCornelius Oswald Fudge
57%
Phénix de dumbledore, il vivra de grandes aventuresFumseck
55%
Animagus ancien ami de Sirius, il aura une main de fer et mourra avec ellePeter Pettigrow
55%

Distribution des résultats

Percentile par nombre de réponses

% des personnes avec chaque résultat

Votre développement - résultats

Vous n’avez pas pris ce quiz depuis la dernière actualisation